Statistics for NFL: Top 3 Most Receptions in Each Draft Round (2018)

Click here to take the quiz!

General Stats

  • This quiz has been taken 16 times
  • The average score is 10 of 24

Answer Stats

Round#PlayerCatchesCollege% Correct
First Round26thCalvin Ridley380Alabama
100%
First Round24thD.J. Moore301Maryland
100%
First Round2ndSaquon Barkley190Penn State
85%
Second Round47thChristian Kirk236Texas A&M
69%
Third Round86thMark Andrews263Oklahoma
62%
Second Round49thDallas Goedert193South Dakota State
54%
Second Round42ndMike Gesicki199Penn State
54%
UndraftedN/ADarrel Williams83LSU
46%
Third Round81stMichael Gallup193Colorado State
46%
Fourth Round104thNyheim Hines210NC State
38%
UndraftedN/APhillip Lindsay81Colorado
38%
Seventh Round251stJustin Jackson65Northwestern
31%
Seventh Round240thRichie James38Middle Tennessee
31%
UndraftedN/AAllen Lazard109Iowa State
23%
Seventh Round253rdAuden Tate61Florida State
23%
Fourth Round134thChase Edmonds128Fordham
23%
Fourth Round137thDalton Schultz154Stanford
23%
Third Round98thJordan Akins114UCF
23%
Sixth Round194thRussell Gage193LSU
23%
Sixth Round210thBraxton Berrios89Miami
15%
Sixth Round208thCedrick Wilson Jr.67Boise State
15%
Fifth Round165thJaylen Samuels85NC State
15%
Fifth Round174thMarquez Valdes-Scantling123NC State / South Florida
15%
Fifth Round157thTyler Conklin93Northwood / Central Michigan
15%

Score Distribution

Percentile by Number Answered

Percent of People with Each Score

Your Score History

You have not taken this quiz